Statistics for Anna Karenina Franchise

Click here to take the quiz!

General Stats

  • This quiz has been taken 25 times
    (19 since last reset)
  • The average score is 25 of 31

Answer Stats

TypeYearNameInfo% Correct
Novel1877Anna KareninaLeo Tolstoy
100%
Short Film1911Anna KareninaPathé
100%
Ballet2019Anna KareninaYuri Possokhov
100%
Ballet2018Anna KareninaJohn Neumeier
100%
Musical2016Anna KareninaMoscow Operetta Theatre
100%
TV Show2013Anna KareninaGMA Network
100%
Film2012Anna KareninaFocus Features
100%
Opera2007Anna KareninaDavid Carlson
100%
Ballet2005Anna KareninaBoris Eifman
100%
TV Mini-Series2000Anna KareninaChannel 4
100%
Film1997Anna KareninaWarner Bros.
100%
Musical1992Anna KareninaDaniel Levine
100%
TV Film1985Anna KareninaCBS
100%
Opera1978Anna KareninaIain Hamilton
100%
TV Mini-Series1977Anna KareninaBBC
100%
Opera1970Anna KareninaYuly Sergeyevich Meytus
100%
Film1914Anna KareninaThiemann & Reinhardt
100%
Film1915Anna KareninaFox Film Corporation
100%
Film1918Anna KareninaHungária and Filmgyár
100%
Film1935Anna KareninaMGM
100%
Web Mini-SeriesTBAAnna KareninaNetflix
100%
Film1948Anna KareninaBritish Lion Films / London Films / 20th Century Fox
100%
Film1953Anna KareninaMosfilm
100%
TV Film1961Anna KareninaBBC
100%
Film1967Anna KareninaMosfilm
100%
Novel2010Android KareninaBen H. Winters
14%
Film2017Anna Karenina: Vronsky's Story????
14%
Film1927LoveMGM
7%
TV Mini-Series2015The Beautiful LieABC
7%
Film1954PanakkaariUma Pictures
0%
Film1960The River of Love????
0%

Score Distribution

Percentile by Number Answered

Percent of People with Each Score

Your Score History

You have not taken this quiz since the last reset